000 00275nam a22001097a 4500
082 _a340
100 _aArora,Manish
_981489
245 _aUniversal Guide To CLAT & LLB Entrance Examination - 2022
260 _aHaryana
_bUni. Lexis Nexis
_c2022
650 _aLaw
942 _cBK
999 _c65504
_d65504